000 01210nam a22001577a 4500
041 _ager
080 _a81
090 _bINT
100 _aInter Nationes
245 _aAlles Gute!
260 _aХімки
_bФірма "Акція"
_c1991
300 _a287
520 _aКнига містить тексти сценаріїв популярного телевізійного курсу німецької мови "Alles Gute". Вона допоможе вам краще зрозуміти та засвоїти мовні структури, що зустрічаються у цьому телекурсі, дозволить самостійно вивчати німецьку мову за допомогою телебачення. Усі тексти подаються з перекладом на російську мову, що забезбечує повне розуміння діалогів без додаткового звернення до словників. Тексти сценаріїв не містять описів ситуацій, у яких відбуваються діалоги.
_0Телевізійний курс, Alles Gute
650 _aGerman
999 _c279712
_d279712
942 _cBK